| 000 | 00725cam a2200181ua 4500 | ||
|---|---|---|---|
| 020 | _a81-901470-0-5 | ||
| 041 |
_aeng _h |
||
| 082 |
_a631.4 _bFUN/IN |
||
| 110 | 1 |
_aIndian society of soil science . _b _c() |
|
| 245 |
_aFundamentals of soil science / _cIndian society of soil science. _hTextual Documents |
||
| 250 |
_a1 / _b. |
||
| 260 |
_aNewdelhi : _bIndian society of soil science , _c2002. |
||
| 300 | _a548 ; . | ||
| 504 | _a | ||
| 942 | _cBK | ||
| 999 |
_c11125 _d11125 |
||